000 00335nam a2200157Ia 4500
003 0STCL
008 150530s9999 xx 000 0 und d
040 _aSTCL
_cSTCL
100 _aIgor Gouzenko
245 _aFall of a Titan
260 _c1958
546 _aEnglish
942 _2ddc
_cBK
999 _c61737
_d61737
005 20220125171156.0